000 00733cam a22002293a 4500
001 25426
003 PGUSA
005 20140828083539.0
008 080511s2008||||xxu|||||s|||||000 p eng d
040 _aPGUSA
_beng
042 _adc
050 4 _aPR
100 1 _aColman, George,
_d1762-1836
245 1 0 _aBroad Grins :
_bComprising, With New Additional Tales in Verse, Those Formerly Publish'd Under the Title "My Night-Gown and Slippers."
_h[electronic resource] /
_cGeorge Colman
260 _bProject Gutenberg,
_c2008
506 _aPublic domain in the USA.
516 _aElectronic text
653 _aEnglish poetry
830 0 _aProject Gutenberg
_v25426
856 4 0 _uhttp://www.gutenberg.org/ebooks/25426
942 _cEB
999 _c254681
_d254681